[Event "47th Italian Teams 2015"]
[Site "Civitanova Marche ITA"]
[Date "2015.04.29"]
[Round "1.2"]
[Board "4"]
[White "Ricci, Marco"]
[Black "Caprio, Guido"]
[Result "0-1"]
[WhiteTitle "FM"]
[BlackTitle "IM"]
[WhiteElo "2056"]
[BlackElo "2418"]
[WhiteTeam "Società Scacchistica Milanese 1881"]
[BlackTeam "WorldTradingLab Club 64 Modena"]
[WhiteFideId "802654"]
[BlackFideId "834580"]
[EventDate "2015.04.29"]

1. e4 e6 2. d4 d5 3. exd5 exd5 4. Nf3 Bd6 5. Bd3 Ne7 6. O-O Nbc6 7. h3 Nb4 8.
Be2 Bf5 9. Na3 c6 10. c3 Na6 11. Nc2 Nc7 12. Ne3 Bg6 13. Nh4 Ne6 14. Bg4 Nf4 15.
Nef5 Nxf5 16. Nxf5 h5 17. Re1+ Kf8 18. Nxd6 Qxd6 19. Bxf4 Qxf4 20. Bf3 Bf5 21.
g3 Qd6 22. h4 g6 23. Qe2 f6 24. Bg2 Kf7 25. Qd2 g5 26. Re3 gxh4 27. gxh4 Rag8
28. Rae1 Rg4 29. Qe2 Rxh4 30. Re7+ Kg6 31. Qe3 Qh2+ 32. Kf1 Rg4 33. Qh3 Qxh3 34.
Bxh3 Bd3+ 35. R1e2 Re4 36. Rxe4 dxe4 0-1

[Event "47th Italian Teams 2015"]
[Site "Civitanova Marche ITA"]
[Date "2015.04.29"]
[Round "1.4"]
[Board "1"]
[White "Iordachescu, Viorel"]
[Black "Cebalo, Miso"]
[Result "1-0"]
[WhiteTitle "GM"]
[BlackTitle "GM"]
[WhiteElo "2590"]
[BlackElo "2379"]
[WhiteTeam "Partenopea Westend Napoli"]
[BlackTeam "Il Grifone d'Arzignano"]
[WhiteFideId "13900200"]
[BlackFideId "14500094"]
[EventDate "2015.04.29"]

1. e4 c5 2. Nf3 d6 3. Bb5+ Nd7 4. c3 Nf6 5. Qe2 a6 6. Ba4 b5 7. Bc2 e5 8. O-O
Be7 9. a4 Rb8 10. axb5 axb5 11. Na3 Qb6 12. d4 O-O 13. Rd1 Re8 14. dxc5 dxc5 15.
c4 b4 16. Nb5 Bb7 17. Bg5 Rbd8 18. h3 h6 19. Bh4 Bf8 20. Nh2 Nb8 21. Rxd8 Rxd8
22. Nf1 g5 23. Bg3 Nc6 24. Ne3 Nd4 25. Nxd4 exd4 26. Nd5 Bxd5 27. cxd5 Re8 28.
Ra6 Qd8 29. Qf3 Nd7 30. Ra7 c4 31. Qf5 Qf6 32. Qxd7 Re7 33. Qd8 d3 34. Ba4 b3
35. Ra8 Qg7 36. Qxe7 d2 37. Bd6 d1=Q+ 38. Kh2 1-0

[Event "47th Italian Teams 2015"]
[Site "Civitanova Marche ITA"]
[Date "2015.04.29"]
[Round "2.3"]
[Board "2"]
[White "Mazzilli, Piero"]
[Black "Rombaldoni, Axel"]
[Result "1/2-1/2"]
[WhiteTitle "FM"]
[BlackTitle "GM"]
[WhiteElo "2353"]
[BlackElo "2488"]
[WhiteTeam "Banca Nuova Palermo"]
[BlackTeam "A.S.D. Circolo Scacchi R. Fischer Chieti"]
[WhiteFideId "807087"]
[BlackFideId "815837"]
[EventDate "2015.04.29"]

1. e4 c5 2. Nf3 d6 3. c3 Nf6 4. e5 dxe5 5. Nxe5 Nfd7 6. Nf3 e5 7. d4 cxd4 8.
cxd4 e4 9. Ng5 Bb4+ 10. Nc3 O-O 11. Be2 Nf6 12. f3 Nc6 13. Nxe4 Nxe4 14. fxe4
Qxd4 15. Qxd4 Nxd4 16. Bd3 Rd8 17. Bg5 f6 18. Bd2 Be6 19. Nd5 Bxd2+ 20. Kxd2 Nc6
21. Ke2 Ne5 22. Bc2 Kh8 23. Bb3 f5 24. Nc3 Bxb3 25. axb3 fxe4 26. Nxe4 Nc6 27.
Rhd1 Re8 28. Kf3 Re5 29. Nd6 Rf8+ 30. Kg4 Re2 31. Kh3 Re3+ 32. g3 Rxb3 33. Rd2
h6 34. Rc1 Rf6 35. Ne4 Rf7 36. Nc5 Rb6 37. Rcc2 Ne5 38. Rd8+ Kh7 39. Re2 Nf3 40.
Kg2 Rb5 41. Nd7 Nd4 42. Rd2 Nc6 43. Re8 Rbf5 44. h4 h5 45. Kh3 a5 46. Kg2 b5 47.
Kh3 a4 48. Rd6 Na5 49. Ne5 R7f6 50. Rdd8 Rf8 51. Rxf8 Rxe5 52. Rb8 1/2-1/2

[Event "47th Italian Teams 2015"]
[Site "Civitanova Marche ITA"]
[Date "2015.04.30"]
[Round "3.6"]
[Board "2"]
[White "De Filomeno, Simone"]
[Black "Tocchioni, Doriano"]
[Result "1-0"]
[WhiteTitle "IM"]
[BlackTitle "FM"]
[WhiteElo "2440"]
[BlackElo "2221"]
[WhiteTeam "SS Torinese A"]
[BlackTeam "DLF Firenze A"]
[WhiteFideId "828688"]
[BlackFideId "801887"]
[EventDate "2015.04.29"]

1. d4 Nf6 2. c4 e6 3. Nc3 Bb4 4. Qc2 d5 5. cxd5 exd5 6. Bg5 O-O 7. e3 Nbd7 8.
Bd3 h6 9. Bh4 c5 10. Ne2 c4 11. Bf5 Nb6 12. O-O Bxf5 13. Qxf5 Qd7 14. Ng3 Qxf5
15. Nxf5 Bxc3 16. bxc3 Ne4 17. Rfc1 g5 18. Bg3 Kh7 19. f3 Nxg3 20. hxg3 Kg6 21.
g4 h5 22. a4 hxg4 23. fxg4 Rad8 24. Kf2 Nc8 25. Rcb1 b6 26. Kf3 Kf6 27. a5 Ke6
28. axb6 axb6 29. Rb5 f6 30. Ra8 Rf7 31. Rxc8 Rxc8 32. Rxb6+ Kd7 33. Nd6 Rb8 34.
Rxb8 Kxd6 35. Rb6+ Kc7 36. Ra6 Rf8 37. e4 dxe4+ 38. Kxe4 Re8+ 39. Kd5 Re2 40.
Rxf6 Rxg2 41. Kxc4 Rxg4 42. Kc5 1-0

[Event "47th Italian Teams 2015"]
[Site "Civitanova Marche ITA"]
[Date "2015.05.02"]
[Round "6.1"]
[Board "3"]
[White "Vocaturo, Daniele"]
[Black "Amato, Andrea"]
[Result "1/2-1/2"]
[WhiteTitle "GM"]
[BlackTitle "FM"]
[WhiteElo "2579"]
[BlackElo "2322"]
[WhiteTeam "Obiettivo Risarcimento Padova"]
[BlackTeam "Banca Nuova Palermo"]
[WhiteFideId "813192"]
[BlackFideId "813222"]
[EventDate "2015.04.29"]

1. d4 e6 2. c4 Bb4+ 3. Nd2 d5 4. Qa4+ Nc6 5. Nf3 Nf6 6. a3 Be7 7. e3 O-O 8. Qc2
a6 9. Bd3 h6 10. O-O Re8 11. b4 Bf8 12. Bb2 dxc4 13. Nxc4 Nd5 14. Rfd1 Bd6 15.
e4 Nf4 16. Bf1 Bd7 17. g3 Ng6 18. Rac1 Rc8 19. Bg2 b5 20. Nce5 Bxe5 21. dxe5 Nb8
22. Bd4 c6 23. Bc5 Qc7 24. Rd6 Red8 25. Rcd1 Be8 26. h4 Rd7 27. h5 Nf8 28. Nd4
Qd8 29. Nf3 a5 30. Qd2 Na6 31. Qe3 Nxc5 32. bxc5 Qe7 33. Nd4 Ra7 34. f4 Nh7 35.
Bf3 Rb7 36. Kg2 Ra7 37. Rd3 Rb7 38. Bd1 Nf8 39. Nf3 a4 40. Nd4 b4 41. Bxa4 bxa3
42. Rxa3 Rb2+ 43. Kh3 f6 44. exf6 Qxf6 45. e5 Qf7 46. Bd1 Rcb8 47. Bg4 Kh8 48.
Nxc6 Bxc6 49. Rxc6 Nh7 50. Qf3 Rc2 51. Rb6 Rd8 52. Ra8 Rf8 53. Rxf8+ Qxf8 54.
Rxe6 Rxc5 55. Qg2 Rc8 56. Rc6 Re8 57. Qc2 Qf7 58. Rc8 Rf8 59. Rxf8+ Nxf8 60. Qc8
Kg8 61. e6 Qa7 62. Qc4 Qe7 63. Bf5 Kh8 64. Qd5 Kg8 65. Qe4 Kh8 66. Qe5 Qb7 67.
Be4 Qe7 68. Bd5 Nh7 69. Qb8+ Nf8 70. Kg4 Kh7 71. Qb1+ Kh8 72. Qf5 Nh7 73. Qe5
Nf6+ 74. Kh3 Qe8 75. Bf3 Qe7 76. g4 Qa3 77. Kg3 Qe7 78. Qe3 Nh7 79. Bd5 Nf6 80.
Bc4 Nh7 81. Qe5 Qa3+ 82. Kg2 Qe7 83. Qd5 Nf8 84. Qf5 Qb4 85. Qe4 Qe7 86. Kf3 Nh7
87. Qe3 Nf6 88. Bd3 Qb7+ 89. Kg3 Qe7 90. Bf5 Ne8 91. Bg6 Nf6 92. Bf5 Ne8 93. Qd3
Nf6 94. Qc3 Qa7 95. Qf3 Qg1+ 96. Kh3 Qe1 97. g5 hxg5 98. fxg5 Ng8 99. h6 gxh6
100. Be4 Qb4 101. gxh6 Qd2 102. h7 Qh6+ 103. Kg2 Qxe6 104. Bf5 Qa2+ 105. Kh3 Nf6
106. Qc3 Qa6 107. Kh4 Qa4+ 108. Kg5 Qa6 109. Kg6 Qe6 110. Qa3 Qe8+ 111. Kxf6
Qf7+ 112. Ke5 Qe7+ 113. Qxe7 1/2-1/2

[Event "47th Italian Teams 2015"]
[Site "Civitanova Marche ITA"]
[Date "2015.05.02"]
[Round "6.3"]
[Board "$"]
[White "Caprio, Guido"]
[Black "Cherin, Diego"]
[Result "1-0"]
[WhiteTitle "IM"]
[BlackTitle "FM"]
[WhiteElo "2418"]
[BlackElo "2255"]
[WhiteTeam "WorldTradingLab Club 64 Modena"]
[BlackTeam "SS Triestina 1904"]
[WhiteFideId "834580"]
[BlackFideId "816922"]
[EventDate "2015.04.29"]

1. d4 Nf6 2. c4 e6 3. Nc3 Bb4 4. e3 b6 5. Ne2 c5 6. a3 Ba5 7. Rb1 Na6 8. g3 Bb7
9. d5 b5 10. Bg2 bxc4 11. O-O O-O 12. e4 d6 13. dxe6 fxe6 14. Qa4 Bxc3 15. bxc3
Qc8 16. Qxc4 Bxe4 17. Bxe4 d5 18. Bxh7+ Nxh7 19. Qd3 c4 20. Qe3 Nc5 21. Nd4 Re8
22. Nb5 Qc6 23. Qe5 Nd3 24. Qc7 Rec8 25. Qxc6 Rxc6 26. Be3 Nc5 27. Rfe1 Nd3 28.
Rf1 a6 29. Nd4 Rd6 30. Rb7 Rf8 31. f4 Nf6 32. Nf3 Rdd8 33. Rfb1 Ng4 34. Bd4 e5
35. Nxe5 Ngxe5 36. fxe5 Rf7 37. e6 Rxb7 38. Rxb7 1-0

[Event "47th Italian Teams 2015"]
[Site "Civitanova Marche ITA"]
[Date "2015.05.03"]
[Round "7.2"]
[Board "1"]
[White "Brunello, Sabino"]
[Black "Palac, Mladen"]
[Result "1/2-1/2"]
[WhiteTitle "GM"]
[BlackTitle "GM"]
[WhiteElo "2540"]
[BlackElo "2581"]
[WhiteTeam "WorldTradingLab Club 64 Modena"]
[BlackTeam "Banca Nuova Palermo"]
[WhiteFideId "813613"]
[BlackFideId "14500116"]
[EventDate "2015.04.29"]

1. d4 Nf6 2. c4 e6 3. Nc3 Bb4 4. e3 O-O 5. Ne2 d5 6. a3 Be7 7. cxd5 exd5 8. g3
Nbd7 9. Bg2 Nb6 10. O-O Re8 11. b3 a5 12. f3 c5 13. a4 Bd7 14. dxc5 Bxc5 15. Nd4
Nc8 16. Qd3 Qb6 17. Nce2 Ne7 18. Bd2 Nc6 19. Rad1 Re7 20. Bc1 Rae8 21. Kh1 h6
22. Qc3 Rc8 23. Qd3 Rce8 24. Qc3 Rc8 25. Qd3 Ra8 1/2-1/2